Operations research (Record no. 107067)
[ view plain ]
| 000 -LEADER | |
|---|---|
| fixed length control field | 00565nam a2200229Ia 4500 |
| 003 - CONTROL NUMBER IDENTIFIER | |
| control field | OSt |
| 005 - DATE AND TIME OF LATEST TRANSACTION | |
| control field | 20231106160128.0 |
| 008 - FIXED-LENGTH DATA ELEMENTS--GENERAL INFORMATION | |
| fixed length control field | 210210b2005 xxu||||| |||| 00| 0 eng d |
| 020 ## - INTERNATIONAL STANDARD BOOK NUMBER | |
| International Standard Book Number | 81 259 1275 4 |
| 040 ## - CATALOGING SOURCE | |
| Transcribing agency | AL |
| 041 ## - LANGUAGE CODE | |
| Language code of text/sound track or separate title | English |
| 082 ## - DEWEY DECIMAL CLASSIFICATION NUMBER | |
| Classification number | 001.424 KALO |
| 100 ## - MAIN ENTRY--PERSONAL NAME | |
| Personal name | KALAVATHY (S). |
| 9 (RLIN) | 141011 |
| 245 ## - TITLE STATEMENT | |
| Title | Operations research |
| 250 ## - EDITION STATEMENT | |
| Edition statement | 2 |
| 260 ## - PUBLICATION, DISTRIBUTION, ETC. | |
| Place of publication, distribution, etc. | ND |
| Name of publisher, distributor, etc. | Vikas Publishing House Pvt Ltd. |
| Date of publication, distribution, etc. | 2005 |
| 300 ## - PHYSICAL DESCRIPTION | |
| Extent | xv,536 |
| 650 ## - SUBJECT ADDED ENTRY--TOPICAL TERM | |
| Topical term or geographic name entry element | Operations research |
| 9 (RLIN) | 141012 |
| 690 ## - LOCAL SUBJECT ADDED ENTRY--TOPICAL TERM (OCLC, RLIN) | |
| Topical term or geographic name as entry element | Operations Research |
| 9 (RLIN) | 141013 |
| 906 ## - LOCAL DATA ELEMENT F, LDF (RLIN) | |
| a | 060347 |
| 942 ## - ADDED ENTRY ELEMENTS (KOHA) | |
| Source of classification or shelving scheme | Dewey Decimal Classification |
| Koha item type | Book |
| Withdrawn status | Lost status | Damaged status | Not for loan | Collection code | Home library | Current library | Shelving location | Date acquired | Source of acquisition | Cost, normal purchase price | Total Checkouts | Full call number | Barcode | Date last seen | Date last checked out | Price effective from | Koha item type |
|---|---|---|---|---|---|---|---|---|---|---|---|---|---|---|---|---|---|
| St Aloysius Library | St Aloysius Library | 02/17/2021 | Higginbothams (P) Ltd., Mangalore 01. | 150.00 | 3 | 001.424 KALO | 060347 | 01/10/2023 | 08/18/2022 | 02/17/2021 | Book | ||||||
| St Aloysius Library | St Aloysius Library | 02/17/2021 | Higginbothams (P) Ltd., Mangalore 01. | 150.00 | 001.424 KALO | 060348 | 02/17/2021 | 02/17/2021 | Book |